Trendy rozvoja vzťahov podnik-zákazník na spotrebiteľskom trhu v období moderného marketingu diplomová práca

Salvato in:
Dettagli Bibliografici
Autore principale: Gálová, Marcela
Ente Autore: Obchodná fakulta EU. Katedra marketingu
Altri autori: Francová, Zuzana, 1971-
Natura: Libro
Lingua:slovacco
Pubblicazione: Bratislava 2012
Tags: Aggiungi Tag
Nessun Tag, puoi essere il primo ad aggiungerne!!

MARC

LEADER 00000nbm a2200000 4500
001 0158768
005 20161109102207.6
041 0 |a slo 
044 |a SK 
245 1 0 |a Trendy rozvoja vzťahov podnik-zákazník na spotrebiteľskom trhu v období moderného marketingu  |b diplomová práca  |c Marcela Gálová ; školiteľ: Zuzana Francová 
264 1 |a Bratislava  |c 2012 
300 |a 82 s. 
100 1 |a Gálová, Marcela 
700 1 |a Francová, Zuzana, 1971- 
710 2 |a Obchodná fakulta EU. Katedra marketingu